Statystyki dla Kiler - Postacie i Cytaty

Kliknij tutaj aby rozwiązać quiz!

Ogólne statystyki

  • Ten quiz został rozwiązany 1 121 razy
  • Średni wynik to 6 z 13

Statystyki odpowiedzi

CytatPostać% Poprawnych
"Bo jest głupia. Gabrysia... Ryszarda III Waza"Stefan Siara Siarzewski
89%
"Co ty myślisz, cwaniaczku?! Że z piątego przykazania możesz sobie zrobić spółkę z ograniczoną odpowiedzialnością?"Komisarz Ryba
81%
"Co? Siara zlecił mnie zabić? Ten półdebil?! Ta sklonowana owca?! To gówno w błyszczącym dresie?! On beze mnie nie istnieje!"Ferdynand Lipski
60%
"To nie jest dwa tysiące pesos, tylko dwa razy po gówno warte tysiąc pesos!"Jurek Kiler
59%
"To nie są leszcze Stefan"Wąski
58%
"Zabiłeś go, ty świnio, maczo, morderco!"Rysia Siarzewska
51%
"To ja ci wyjmuję kule jak doktor Quinn, a ty mi się tu rżniesz na ulicy z jakimś kolarzem?!"Ewa Szańska
47%
"Jessstem Jurech Kiler i mam wsysko w dupie"Jose Arcadio Morales
40%
"Wypieprzać mi szpagateria, już piękno dupy zasrane! No już! Pan Kiler chce sobie tutaj usiąść i posiedzieć. On teraz jest tutaj szefem a ja mu będę pomagał"Kudłaty
37%
"Nie mogę sobie na to pozwolić. To byłby mój profesjonalny koniec. W mojej profesji to się nazywa syndrom ducha Banka. Czyli zjawy."Szakal
31%
"Ty chcesz zagrać pana Kilera? Prędzej pana Kleksa!"Aldona Lipska
30%
"To jest Kiler? To jakaś popierdółka a nie Kiler."Uszat
25%
"Udusił współwięźnia na stołówce solniczką... Znaczy nakrętką... Sitkiem..."Dyrektor Mieczysław Klonisz
24%

Rozkład punktacji

Percentyl według liczby udzielonych odpowiedzi

Procent ludzi z każdym wynikiem

Twoja historia wyników

Nie rozwiązałeś tego quizu